Normal view
MARC view
- Ayson, Eleenae Love M.
Entry Personal Name
001 - CONTROL NUMBER
- control field: 60803
003 - CONTROL NUMBER IDENTIFIER
- control field: OSt
005 - DATE AND TIME OF LATEST TRANSACTION
- control field: 20240912084353.0
008 - FIXED-LENGTH DATA ELEMENTS
- fixed length control field: 240912|| aca||aabn | a|a d
040 ## - CATALOGING SOURCE
- Original cataloging agency: OSt
- Transcribing agency: OSt
100 ## - HEADING--PERSONAL NAME
- Personal name: Ayson, Eleenae Love M.
- Relator term: author.
670 ## - SOURCE DATA FOUND
- Source citation: Work cat.: (OSt): Ayson, Eleenae Love M. author., Flat no.9 /, December 2019.
